Turismo: fuente de riqueza nacional y de auténtica hermandad /
محفوظ في:
| المؤلف الرئيسي: | |
|---|---|
| التنسيق: | نص |
| الموضوعات: | |
| الوسوم: |
إضافة وسم
لا توجد وسوم, كن أول من يضع وسما على هذه التسجيلة!
|
MARC
| LEADER | 00000 a a2200000 04500 | ||
|---|---|---|---|
| 001 | 16865 | ||
| 003 | |||
| 040 | |||
| 100 | |a Quesada Calderón, Daysi | ||
| 245 | |a Turismo: |b fuente de riqueza nacional y de auténtica hermandad / |c Daysi Quesada Calderón | ||
| 650 | |a TURISMO | ||
| 650 | |a COSTA RICA | ||
| 773 | |g volumen 13, número 2; páginas 41-42 | ||
| 999 | |c 24459 |d 24459 | ||
